| 000 | 00625cam a22002051 4500 | ||
|---|---|---|---|
| 001 | sa 66007737 | ||
| 003 | DLC | ||
| 005 | 20260227112307.0 | ||
| 008 | 740123t19661963pk 000 0 eng | ||
| 010 | _asa 66007737 | ||
| 040 |
_aDLC _cDLC _dDLC |
||
| 043 | _aa-pk--- | ||
| 050 | 0 | 0 |
_aHC440.5 _b.H37 1966 |
| 082 | 0 | 0 | _a338.91549 |
| 100 | 1 |
_aHaq, Mahbub ul, _d1934-1998. |
|
| 245 | 1 | 4 |
_aThe strategy of economic planning; _ba case study of Pakistan _c[by] Mahbub ul Haq. |
| 260 |
_aKarachi, _bPakistan Branch, Oxford University Press _c[1966, c1963] |
||
| 300 |
_axvi, 266 p. _c22 cm. |
||
| 651 | 0 |
_aPakistan _xEconomic policy. |
|
| 999 |
_c71376 _d71376 |
||